Ecosystem management for parks and wilderness
Αποθηκεύτηκε σε:
| Συγγραφή απο Οργανισμό/Αρχή: | |
|---|---|
| Άλλοι συγγραφείς: | , |
| Μορφή: | Πρακτικό Συνεδρίου Βιβλίο |
| Γλώσσα: | English |
| Δημοσίευση: |
Seattle; London :
University of Washington Press,
c1988
|
| Σειρά: | Contribution (University Washington. Institute of Forest Resources)
; 65 |
| Θέματα: | |
| Ετικέτες: |
Προσθήκη ετικέτας
Δεν υπάρχουν, Καταχωρήστε ετικέτα πρώτοι!
|
MARC
| LEADER | 00000nam a2200000 i 4500 | ||
|---|---|---|---|
| 001 | 1/96753 | ||
| 008 | 941129s1988 eng d | ||
| 035 | |l 10010301 | ||
| 040 | |a GR-MY-UA |b gre |e aacr | ||
| 041 | 0 | |a eng | |
| 082 | 0 | |a 634.9 | |
| 111 | 2 | |a Ecosystem Management Workshop |d (1987 |c : University of Washington) | |
| 245 | 1 | 0 | |a Ecosystem management for parks and wilderness / |c Edited by James K. Agee and Darryll R. Johnson |
| 260 | |a Seattle; London : |b University of Washington Press, |c c1988 | ||
| 300 | |a 237 p. |b fig. | ||
| 490 | 1 | |a Contribution (University Washington. Institute of Forest Resources) |v ; 65 | |
| 500 | |a Contains papers presented at the Ecosystem Management Workshop, held Apr.6-10, 1987, at the University of Washington's Parck Forest | ||
| 504 | |a Includes bibliographical references | ||
| 650 | 0 | 0 | |a Wilderness areas |x Management |x Congresses. |
| 650 | 0 | 0 | |a National parks and reserves |x Management |x Congresses. |
| 650 | 0 | 0 | |a Biotic communities |x Management |x Congresses. |
| 700 | 1 | |a Agee, James K. |4 edt | |
| 700 | 1 | |a Johnson, Darryll R. |4 edt | |
| 830 | 0 | |a Contribution (University Washington. Institute of Forest Resources) |v ; 65 | |
| 852 | |a INST |b LESVOS |e 19941129 |h 333.7815 ECO |p 005100003320 |q 005100003320 |t BK |y 0 | ||
| 909 | |a Λ |b 036511 | ||